000
00229nam a22001097a 4500
082
_a
894.812.3
_b
JAY/S
100
_a
JAYAKUMAR
245
_a
SANTHAPAVRIKSHAM
246
_a
SANTHAPAVRIKSHAM
650
_a
MALAYALAM STORY
942
_c
BK
999
_c
9039
_d
9039